000 00361nam a2200157Ia 4500
008 230917s9999||||xx |||||||||||||| ||und||
040 _e125980
_aMAIN
041 _aEnglish
082 _a006.7 G561M
100 _aGokul, S
245 0 _aMultimedia magic
250 _a2nd ed.
260 _aNew Delhi
_bPublications
_c2006
300 _a306 p.
942 _cBK
999 _c141857
_d141857